[Event "Ostersund Hurtigfeiden op"]
[Site "Ostersund"]
[Date "2018.08.26"]
[Round "2"]
[White "Olofsson, Ingemar"]
[Black "Wik, Per Jonas"]
[Result "0-1"]
[WhiteElo "1547"]
[BlackElo "1435"]
[PlyCount "34"]
[EventDate "2018.08.26"]
[EventType "swiss"]
[EventRounds "7"]
[EventCountry "SWE"]
[SourceTitle "CBM 186 Extra"]
[Source "ChessBase"]
[SourceDate "2018.08.24"]
[SourceVersion "1"]
[SourceVersionDate "2018.08.24"]
[SourceQuality "1"]

1. d4 f5 2. Nf3 e6 3. b3 Be7 4. Bb2 Nf6 5. e3 0-0 6. Nc3 Qe8 7. Bd3 b6 8. 0-0 Bb7 9. Ne2 Bxf3 10. gxf3 Bd6 11. Ng3 f4 12. exf4 Bxf4 13. Ne2 Nh5 14. Kh1 Bd6 15. Ng1 Qf7 16. Be4 Qf4 17. Bxa8 Qxh2# 0-1